000 00615nam a2200205 4500
003 OSt
005 20240716064521.0
006 a
008 240716b |||||||| |||| 00| 0 eng d
020 _a0471465844
040 _aDWCL-Main lib.
_cOC
082 _aCirc. 621.3824 J84c 2006
100 _aJossefsson, Lars
245 _aConformal array antenna theory and design /
260 _aN. J. :
_bJohn Wiley & Sons, Inc.,
_cc2006.
300 _axiv,
_b472 p. : ill. ;
_c26 cm.
504 _aIncludes bibliographical references and index.
650 _a1. Antennas (Electronics).
942 _2ddc
_n0
_cBK-CIRC
_kCirc.
999 _c2258
_d2258